000 00421cam a22001217a 4500
008 180718b1987 xxu||||| |||| 00| 0 eng d
082 _aAPPPA 86-87 DEW
100 _aDewri, Indibar
245 _aStudy of growth and expansion of postal network in Arunachal Pradesh
_cby Indibar Dewri
260 _aNew Delhi
_bIndian Institute of Public Administration
_c1987
300 _a147p.
650 _aPostal network-Arunachal Pradesh
999 _c501427
_d501427